Loading...
| Social Science | 0 | 7 | 2 | 1 | 60 | 41 | 103.14 | 2 | 2 | 0.00 | 0.00 |
| Science - Physics | 0 | 6 | 2 | 0 | 50 | 76 | 118.83 | 0 | 0 | 0.00 | 0.00 |
| Science - Chemistry | 0 | 5 | 1 | 2 | 45 | 99 | 125.60 | 0 | 0 | 0.00 | 0.00 |
| History - World | 0 | 4 | 0 | 0 | 40 | 100 | 116.25 | 0 | 0 | 0.00 | 0.00 |
| History - European | 0 | 4 | 2 | 1 | 30 | 60 | 102.75 | 0 | 1 | 0.00 | 0.00 |
| Other Academic | 0 | 3 | 0 | 0 | 30 | 94 | 107.33 | 0 | 0 | 0.00 | 0.00 |
| Literature - World | 0 | 3 | 0 | 1 | 30 | 104 | 126.67 | 0 | 1 | 0.00 | 0.00 |
| Science - Other | 0 | 3 | 1 | 3 | 25 | 130 | 130.67 | 0 | 0 | 0.00 | 0.00 |
| Philosophy | 0 | 3 | 1 | 0 | 25 | 96 | 120.33 | 0 | 0 | 0.00 | 0.00 |
| History - American | 0 | 2 | 0 | 0 | 20 | 90 | 115.50 | 0 | 1 | 0.00 | 0.00 |
| Geography | 0 | 2 | 0 | 0 | 20 | 119 | 135.00 | 0 | 0 | 0.00 | 0.00 |
| Religion | 0 | 3 | 2 | 0 | 20 | 69 | 103.67 | 0 | 1 | 0.00 | 0.00 |
| Current Events | 0 | 2 | 2 | 0 | 10 | 100 | 106.00 | 0 | 0 | 0.00 | 0.00 |
| Fine Arts - Painting & Sculpture | 0 | 1 | 0 | 1 | 10 | 135 | 135.00 | 0 | 0 | 0.00 | 0.00 |
| History - Other | 0 | 1 | 0 | 0 | 10 | 105 | 105.00 | 0 | 0 | 0.00 | 0.00 |
| Literature - British | 0 | 1 | 0 | 1 | 10 | 147 | 147.00 | 0 | 0 | 0.00 | 0.00 |
| Science - Biology | 0 | 1 | 1 | 0 | 5 | 126 | 126.00 | 0 | 0 | 0.00 | 0.00 |
| Mythology | 0 | 1 | 2 | 0 | 0 | 123 | 123.00 | 0 | 0 | 0.00 | 0.00 |
| Literature - European | 0 | 0 | 0 | 0 | 0 | 0.00 | 0 | 0 | 0.00 | 0.00 | |
| Literature - American | 0 | 0 | 0 | 0 | 0 | 0.00 | 0 | 0 | 0.00 | 0.00 | |
| Fine Arts - Other | 0 | 0 | 0 | 0 | 0 | 0.00 | 0 | 0 | 0.00 | 0.00 | |
| Fine Arts - Classical Music | 0 | 0 | 1 | 0 | -5 | 0.00 | 0 | 0 | 0.00 | 0.00 |